000 02647nam2a2200301 4500
001 RU\NLR\BIBL_A\010008154
005 20260406012438.0
010 _a978-5-7810-1096-7
_9100
021 _aRU
_b2013-81642
_95637
035 _a(NLR Aleph) 010008154
090 _a9838410
_c9838410
100 _a20131128d2013 |||y0rusy50 ca
101 0 _arus
102 _aRU
105 _aa ||z||||||
200 1 _aРавновесия в биосредах. Микрогетерогенные системы
_f[сост.: С.В. Бортников, Г.А. Горенкова]
210 _d2013
_aБ. м.
215 _a70, [1] с.
_cил.
320 _aБиблиогр. в конце кн. (8 назв.)
461 0 _1001RU\NLR\BIBL_A\010014995
_12000#$aХимия$eучебно-методический комплекс по дисциплине$eучебное пособие$e[для студентов, обучающихся по специальности 060101.65 - Лечебное дело и специальности 111801.65 - Ветеринария]$fМ-во образования и науки Рос. Федерации, Федер. гос. бюджет. образоват. учреждение высш. проф. образования "Хакас. гос. ун-т им. Н.Ф. Катанова"$vЧ. 1
_99872610
_cАбакан
_d2013
_fМ-во образования и науки Рос. Федерации, Федер. гос. бюджет. образоват. учреждение высш. проф. образования "Хакас. гос. ун-т им. Н.Ф. Катанова"
_nИзд-во ФГБУ ВПО "Хакасский государственный университет им. Н.Ф. Катанова"
_oучебно-методический комплекс по дисциплине : учебное пособие : [для студентов, обучающихся по специальности 060101.65 - Лечебное дело и специальности 111801.65 - Ветеринария]
_tХимия
_vЧ. 1
517 0 _aМикрогетерогенные системы
606 1 _aБиологические среды организма
_jУчебно-методические пособия для высших учебных заведе
_xФизико-химические процессы
_xИзменения
_92168138
_3RU\NLR\AUTH\6601541106
686 1 _aР345.029я73
702 1 _4220
_7ca
_8rus
_aБортников
_bС. В.
_gСергей Валериевич
_9100867
_3RU\NLR\AUTH\77117942
942 _cBOOK
980 _aNB